[Event "CFriend MZ-2004-5-00001 email"]
[Site "Chessfriend.com"]
[Date "2004.08.28"]
[Round "1"]
[White "Vanhamme, Patrick"]
[Black "Noble, Mark"]
[Result "1/2-1/2"]
[WhiteElo "2189"]
[BlackElo "2167"]
[PlyCount "124"]
[EventDate "2004.??.??"]
[EventType "tourn (corr)"]
[EventRounds "6"]
[SourceTitle "Corr 2024"]
[Source "ChessBase"]
[SourceDate "2023.10.19"]
[SourceVersion "1"]
[SourceVersionDate "2023.10.19"]
[SourceQuality "1"]

1. Nf3 c5 2. c4 Nc6 3. d4 cxd4 4. Nxd4 Nf6 5. g3 Qb6 6. Nc2 d6 7. Bg2 g6 8. Nc3 Bg7 9. 0-0 0-0 10. b3 Qa5 11. Nb5 Bd7 12. h3 a6 13. Bd2 Qd8 14. Nc3 Rc8 15. Rc1 Re8 16. g4 h6 17. e4 Nh7 18. f4 b5 19. cxb5 axb5 20. Qf3 Nd4 21. Qd3 Qb6 22. Kh1 Nxc2 23. Rxc2 e6 24. Rfc1 Qd4 25. Qxd4 Bxd4 26. Ne2 Rxc2 27. Rxc2 Bc5 28. Ba5 Ra8 29. b4 Be3 30. Rc3 Bf2 31. a3 Ra6 32. Rc7 Bc6 33. Rc8+ Nf8 34. Bd8 Bd7 35. Rb8 Ba7 36. Rb7 d5 37. exd5 exd5 38. Bxd5 Rxa3 39. Kg2 Re3 40. Kf2 Ra3+ 41. Kg2 Re3 42. Rxa7 Rxe2+ 43. Kf3 Rd2 44. Ke4 Bf5+ 45. gxf5 gxf5+ 46. Ke5 Ng6+ 47. Kf6 Rxd5 48. Bc7 Rd7 49. Ra8+ Kh7 50. Bb8 Rb7 51. Be5 Nxe5 52. Kxe5 Re7+ 53. Kxf5 Re3 54. Kf6 Rxh3 55. Rf8 Rh4 56. Rxf7+ Kg8 57. Ke6 h5 58. Rf5 Kg7 59. Rg5+ Kh6 60. Kf5 Rh3 61. Rg6+ Kh7 62. Rb6 Rb3 1/2-1/2

[Event "CFriend MZ-2004-5-00001 email"]
[Site "Chessfriend.com"]
[Date "2004.08.28"]
[Round "1"]
[White "Vanhamme, Patrick"]
[Black "Vonhoff, Joerg"]
[Result "1/2-1/2"]
[WhiteElo "2189"]
[BlackElo "1864"]
[PlyCount "83"]
[EventDate "2004.??.??"]
[EventType "tourn (corr)"]
[EventRounds "6"]
[SourceTitle "Corr 2024"]
[Source "ChessBase"]
[SourceDate "2023.10.19"]
[SourceVersion "1"]
[SourceVersionDate "2023.10.19"]
[SourceQuality "1"]

1. Nf3 Nf6 2. c4 g6 3. Nc3 Bg7 4. e4 d6 5. d4 0-0 6. Be2 Nbd7 7. 0-0 c6 8. Qc2 c5 9. d5 a6 10. Bg5 h6 11. Be3 Ng4 12. Bd2 Ngf6 13. Nh4 b6 14. f4 Bb7 15. Qd3 b5 16. Nf3 Re8 17. cxb5 axb5 18. Nxb5 Qb6 19. Kh1 e6 20. e5 dxe5 21. fxe5 Nxd5 22. a4 Nxe5 23. Nxe5 Bxe5 24. Bxh6 f5 25. Bg5 Bxb2 26. Rab1 Be5 27. Qh3 Bg7 28. Qg3 Bc6 29. Nd4 Qxb1 30. Rxb1 cxd4 31. Bf3 Rxa4 32. Bh6 Kh7 33. Bxg7 Kxg7 34. Qe5+ Kf7 35. h4 Rc8 36. h5 gxh5 37. Bd1 Rc4 38. Bxh5+ Ke7 39. Be2 Ra4 40. Bb5 Bxb5 41. Rxb5 Kd7 42. Rxd5+ 1/2-1/2